Indexy spotrebiteľských cien a životných nákladov v Slovenskej republike December 1992

Na minha lista:
Detalhes bibliográficos
Formato: Livro
Idioma:eslovaco
Publicado em: Bratislava Slovenský štatistický úrad 1993
Assuntos:
Tags: Adicionar Tag
Sem tags, seja o primeiro a adicionar uma tag!

MARC

LEADER 00000nam a2200000 4500
001 c003351
005 20251201124340.8
041 0 |a slo 
044 |a SK 
245 1 0 |a Indexy spotrebiteľských cien a životných nákladov v Slovenskej republike  |b December 1992 
264 1 |a Bratislava  |b Slovenský štatistický úrad  |c 1993 
300 |a 41 s. 
610 2 0 |a Slovensko 
610 2 0 |a ceny spotrebiteľské 
610 2 0 |a náklady životné 
610 2 0 |a indexy cenové